000 00597nam a2200241Ia 4500
003 0100
008 130303s9999 xx 000 0 und d
020 _a716705915
040 _cARRUPELIB
050 _aQH341.G71974
100 _aGrobstein, Clifford
245 4 _aThe strategy of life
250 _a2nd
260 _aSan Francisco
260 _bW. H. Freeman
260 _C1974
300 _a174 p.
300 _b ill. 23 cm
440 _aA Series of books in biology
650 _bPostmodernism--Political aspects Post-communism
700 _aClifford Grobstein
942 0 0 _01
999 _c11901
_d11901